000 00334nam a2200121Ia 4500
008 240731s9999 xx 000 0 und d
022 _a2379-4933
245 0 _aEvidence-Based Practice in Child and Adolescent Mental Health
260 _bRoutledge
856 _uhttps://www.tandfonline.com/loi/uebh20
942 _2ddc
942 _cTFEJ
999 _c76554
_d76554
945 _a1
_bMadushi Gamage
_c1
_dMadushi Gamage